000
00223nam a22000857a 4500
008
170213b xxu||||| |||| 00| 0 eng d
100
_9
2868
_a
CBSE
245
_a
Creative Writing and Translation-XI
260
_a
New Delhi
_b
CBSE
_c
2007
999
_c
6087
_d
6087